|
|
|
|
| LEADER |
00000nam0a2200000 4500 |
| 001 |
266568 |
| 005 |
20231101234019.0 |
| 020 |
|
|
|a RU
|b 86-95256
|
| 035 |
|
|
|a (RuTPU)RU\TPU\book\289588
|
| 090 |
|
|
|a 266568
|
| 100 |
|
|
|a 20140710d1986 k y0rusy5003 ca
|
| 101 |
0 |
|
|a rus
|
| 102 |
|
|
|a RU
|
| 105 |
|
|
|a a z 001zy
|
| 200 |
1 |
|
|a Геохимические критерии формирования зон нефтегазонакопления в платформенных областях Сибири
|e сборник научных трудов
|f Сибирский научно-исследовательский институт геологии, геофизики и минерального сырья (СНИИГГиМС)
|
| 210 |
|
|
|a Новосибирск
|c Изд-во СНИИГГИМС
|d 1986
|
| 215 |
|
|
|a 111 с.
|c ил.
|
| 320 |
|
|
|a Библиогр. в конце статей
|
| 606 |
1 |
|
|a Нефтегазоносность
|x Происхождение
|2 stltpush
|3 (RuTPU)RU\TPU\subj\45618
|9 64811
|
| 610 |
1 |
|
|a геохимия
|
| 610 |
1 |
|
|a Сибирь
|
| 610 |
1 |
|
|a Сибирская платформа
|
| 610 |
1 |
|
|a нефтегазонакопления
|
| 610 |
1 |
|
|a нефть
|
| 610 |
1 |
|
|a газ
|
| 610 |
1 |
|
|a формирование
|
| 610 |
1 |
|
|a химический состав
|
| 610 |
1 |
|
|a битумы
|
| 610 |
1 |
|
|a распределение
|
| 610 |
1 |
|
|a углеводороды
|
| 610 |
1 |
|
|a аккумуляция
|
| 610 |
1 |
|
|a генерация
|
| 610 |
1 |
|
|a рассеивание
|
| 675 |
|
|
|a 552.578.2.061.3
|z rus
|v 3
|
| 712 |
0 |
2 |
|a Сибирский научно-исследовательский институт геологии, геофизики и минерального сырья (СНИИГГиМС)
|c (Новосибирск)
|2 stltpush
|3 (RuTPU)RU\TPU\col\322
|
| 801 |
|
0 |
|a RU
|b RuMRKP
|c 19960705
|g psbo
|
| 801 |
|
1 |
|a RU
|b 63413507
|c 20140710
|
| 801 |
|
2 |
|a RU
|b 63413507
|c 20170907
|g RCR
|
| 942 |
|
|
|c BK
|